Statistics for Majora's Mask dungeon Bosses

Click here to take the quiz!

General Stats

  • This quiz has been taken 19 times
    (3 since last reset)
  • The average score is 6 of 12

Answer Stats

HintAnswer% Correct
SnowheadGhot
100%
MoonMajora
100%
WoodfallOdolwa
100%
Stone TowerTwinmold
100%
Stone tower mini bossgaro master
67%
Great BayGyorg
67%
Snowhead mini bossWizzrobe
67%
Woodfall Mini bossGekko
33%
GraveyardCaptin Keeta
0%
Stone tower mini boss (bat dude)gomess
0%
Ikana CastleIgos do Ikana
0%
Great Bay mini bossWart
0%

Score Distribution

Percentile by Number Answered

Percent of People with Each Score

Your Score History

You have not taken this quiz since the last reset